| 000 | 00431nam a22001697a 4500 | ||
|---|---|---|---|
| 003 | koha_MIRAKIL | ||
| 005 | 20231213095800.0 | ||
| 008 | 231213b |||||||| |||| 00| 0 ||| d | ||
| 040 |
_aTR-IsEVY _btur _cTR-IsEVY |
||
| 082 | _aFIC DEL/A | ||
| 100 | _aGilbert Delahaye. | ||
| 245 | 0 |
_aAyşegül arkadaşlariyla _byollara düşüyor. |
|
| 260 |
_b[s.n.], _c2011 |
||
| 300 | _a[ ] p. | ||
| 650 | _aGenel Konular. | ||
| 942 |
_2ddc _cBK |
||
| 999 |
_c9330 _d9330 |
||